000 00668nam a2200253Ia 4500
003 OSt
005 20220918163216.0
006 a|||||r|||| 00| 0
007 ta
008 220917b |||||||| |||| 00| 0 eng d
020 _a0 304 30466 2
024 _a37,199
037 _cTextual
040 _aARTS
_cARTS
_beng
041 _2eng
_aeng
082 _aO123,3J47w, 111L8
100 _aByron William
_912015
245 0 _aCervantes
_b biography
260 _aLondon
_bCassell UK
_c1978
300 _axiv,583p.
_ccm.
650 _aENGLISH LITERATURE
942 _hO123,3J47w, 111L8
_cTEXL
_2CC
999 _c118462
_d118462